000 00479nam a2200193Ia 4500
005 20230313140622.0
008 131103s9999 xx 000 0 und d
040 _aLoreto College
041 _aEnglish
082 _a891.44
_bCHA
100 _aChakroborty, Subodh Kumar
245 _aDashatho Bharat
_cSubodh Kumar Chakroborty
260 _aCalcutta
_bA. Mukherjee
_c1964
300 _a252p
650 _aMythology
651 _aReligion
850 _aLCLIB
942 _cBK
999 _c17868
_d68347